000 00519nam a2200181Ia 4500
001 24810
005 20260414151108.0
008 260414t2022||||xx |||||||||||||| ||spa||
041 _aESP
082 _a346
_bC35 T. 2
100 _aCastronovo, Carlo
_eAUT
245 0 _aDogmática y práctica del derecho privado moderno :
_bestudios jurídicos en homenaje al profesor Gastón Fernández Cruz
260 _c2022
300 _a682 páginas :
_c25 cm.
650 _aDER
654 _aCDE
942 _cLIB
_dJUS
_fJUS
_2ddc
_n
999 _c24810
_d24810